Jurisprudence & Legal Theory/ (Record no. 1400872)
[ view plain ]
| 000 -LEADER | |
|---|---|
| fixed length control field | 00669nam a22002297a 4500 |
| 005 - DATE AND TIME OF LATEST TRANSACTION | |
| control field | 20250602163329.0 |
| 008 - FIXED-LENGTH DATA ELEMENTS--GENERAL INFORMATION | |
| fixed length control field | 250514b |||||||| |||| 00| 0 eng d |
| 037 ## - SOURCE OF ACQUISITION | |
| Terms of availability | TB |
| 040 ## - CATALOGING SOURCE | |
| Original cataloging agency | lCT |
| Transcribing agency | lCT |
| 084 ## - COLON CLASSIFICATION NUMBER | |
| Classification number | Z,91 Q4 |
| 100 ## - MAIN ENTRY--PERSONAL NAME | |
| Personal name | Agarwal, Nomita |
| 9 (RLIN) | 784377 |
| 245 ## - TITLE STATEMENT | |
| Title | Jurisprudence & Legal Theory/ |
| 250 ## - EDITION STATEMENT | |
| Edition statement | 10th ed. |
| 260 ## - PUBLICATION, DISTRIBUTION, ETC. | |
| Place of publication, distribution, etc. | Prayagraj (Allahabad), India: |
| Name of publisher, distributor, etc. | Central Law Agency, |
| Date of publication, distribution, etc. | 2014 |
| 300 ## - PHYSICAL DESCRIPTION | |
| Extent | xx, 412p. |
| 650 ## - SUBJECT ADDED ENTRY--TOPICAL TERM | |
| Topical term or geographic name entry element | Law |
| 9 (RLIN) | 784378 |
| 650 ## - SUBJECT ADDED ENTRY--TOPICAL TERM | |
| Topical term or geographic name entry element | Jurisprudence |
| 9 (RLIN) | 754938 |
| 650 ## - SUBJECT ADDED ENTRY--TOPICAL TERM | |
| Topical term or geographic name entry element | Human Rights |
| 9 (RLIN) | 784379 |
| 650 ## - SUBJECT ADDED ENTRY--TOPICAL TERM | |
| Source of heading or term | Administration of Justice |
| 650 ## - SUBJECT ADDED ENTRY--TOPICAL TERM | |
| Topical term or geographic name entry element | Legal Theory |
| 9 (RLIN) | 784380 |
| 942 ## - ADDED ENTRY ELEMENTS (KOHA) | |
| Source of classification or shelving scheme | Colon Classification (CC) |
| Koha item type | Textbook |
| Classification part | Z,91 Q4 |
| Suppress in OPAC | No |
| Withdrawn status | Lost status | Source of classification or shelving scheme | Damaged status | Not for loan | Collection | Home library | Current library | Shelving location | Date acquired | Source of acquisition | Cost, normal purchase price | Inventory number | Total Checkouts | Full call number | Barcode | Date last seen | Price effective from | Koha item type |
|---|---|---|---|---|---|---|---|---|---|---|---|---|---|---|---|---|---|---|
| Colon Classification (CC) | Non-fiction | Law Centre-II Library | Law Centre-II Library | General Stacks | 2025-05-14 | Prolific Publication | 270.00 | 199/10.04.2016 | Z,91 Q4 | LT0025464 | 2025-05-14 | 2025-05-14 | Textbook | |||||
| Colon Classification (CC) | Non-fiction | Law Centre-II Library | Law Centre-II Library | General Stacks | 2025-05-14 | Prolific Publication | 270.00 | 199/10.04.2016 | Z,91 Q4; 1 | LT0025465 | 2025-05-14 | 2025-05-14 | Textbook | |||||
| Colon Classification (CC) | Non-fiction | Law Centre-II Library | Law Centre-II Library | General Stacks | 2025-05-14 | Prolific Publication | 270.00 | 199/10.04.2016 | Z,91 Q4; 2 | LT0025466 | 2025-05-14 | 2025-05-14 | Textbook | |||||
| Colon Classification (CC) | Non-fiction | Law Centre-II Library | Law Centre-II Library | General Stacks | 2025-05-14 | Prolific Publication | 270.00 | 199/10.04.2016 | Z,91 Q4; 3 | LT0025467 | 2025-05-14 | 2025-05-14 | Textbook | |||||
| Colon Classification (CC) | Non-fiction | Law Centre-II Library | Law Centre-II Library | General Stacks | 2025-05-14 | Prolific Publication | 270.00 | 199/10.04.2016 | Z,91 Q4; 4 | LT0025468 | 2025-05-14 | 2025-05-14 | Textbook |
